| 000 | 01071nam a22002417a 4500 | ||
|---|---|---|---|
| 003 | BD-DhSAU | ||
| 005 | 20220526161208.0 | ||
| 008 | 220425b2020 bg bad|| |||| 001 0 eng d | ||
| 040 | _aBD-DhSAU | ||
| 082 |
_222 _a630.715 _bR1293 |
||
| 100 |
_aRahman, Md. Faridur _eRegistration # 18-09255 |
||
| 245 |
_aProblems faced by the farmers in pond fish farming / _bMS thesis _cMd. Faridur Rahman |
||
| 260 |
_aSher-e-Bangla Agricultural Uniersity : _bDepartment of Agricultural Extension & Information System ; _c2020 |
||
| 300 |
_axiii, 50 p. : _bill. , charts, maps ; _c30 cm. |
||
| 500 | _aMS thesis Department of Agricultural Extension & Information System, Faculty of Agriculture, Sher-e-Bangla Agricultural University, Dhaka, Bangladesh | ||
| 590 | _akobir | ||
| 650 | _aAgricultural Extension & Information System | ||
| 650 | _aPond fish farming | ||
| 700 |
_aAbdullah, Md. Masum _eSupervisor |
||
| 700 |
_aAli, Md. Sekender _eCo-Supervisor |
||
| 856 |
_yOnline Access _uhttp://archive.saulibrary.edu.bd:8080/xmlui/handle/123456789/3702 |
||
| 942 |
_2ddc _cTHESIS |
||
| 999 |
_c15852 _d15851 |
||